Isabel I, reina (1451-1504) / (Record n. 11341)

Dettagli MARC
000 -LEADER
fixed length control field 00774nam a2200241 b 4500
003 - CONTROL NUMBER IDENTIFIER
control field IT-RoINE
005 - DATE AND TIME OF LATEST TRANSACTION
control field 20190508085049.0
008 - FIXED-LENGTH DATA ELEMENTS--GENERAL INFORMATION
fixed length control field 001018s2000 sp r ||| |bspa d
020 ## - INTERNATIONAL STANDARD BOOK NUMBER
International Standard Book Number 8434466201
040 ## - CATALOGING SOURCE
Original cataloging agency SpMaBN
Transcribing agency SpMaBN IT-RoINE
Description conventions rdc
Modifying agency IT-RoINE
100 1# - MAIN ENTRY--PERSONAL NAME
9 (RLIN) 5789
Personal name Suárez Fernández, Luis,
Dates associated with a name 1924-
245 10 - TITLE STATEMENT
Title Isabel I, reina (1451-1504) /
Statement of responsibility, etc Luis Suárez.
260 ## - PUBLICATION, DISTRIBUTION, ETC. (IMPRINT)
Place of publication, distribution, etc Barcelona :
Name of publisher, distributor, etc Ariel,
Date of publication, distribution, etc 2000.
300 ## - PHYSICAL DESCRIPTION
Extent 493 p. ;
Dimensions 23 cm.
336 ## - CONTENT TYPE
Source rdacontent
Content type term text
337 ## - MEDIA TYPE
Source rdamedia
Media type term unmediated
338 ## - CARRIER TYPE
Source rdacarrier
Carrier type term volume
490 1# - SERIES STATEMENT
Series statement [Biografías]
500 ## - GENERAL NOTE
General note El título de la colección ha sido tomado de la cub.
600 04 - SUBJECT ADDED ENTRY--PERSONAL NAME
Personal name Isabel
Numeration I,
Titles and other words associated with a name Reina de España,
Dates associated with a name 1451-1504
General subdivision Biografía
9 (RLIN) 5226
830 #0 - SERIES ADDED ENTRY--UNIFORM TITLE
9 (RLIN) 5854
Uniform title Biografías (Ariel)
942 ## - ADDED ENTRY ELEMENTS (KOHA)
Item type Monografías
Dati di copia
Withdrawn status Lost status Damaged status Not for loan Home library Current library Date acquired Total Checkouts Full call number Barcode Date last seen Price effective from Koha item type
        Iglesia Nacional Española en Roma Iglesia Nacional Española en Roma 30/03/2016   BIO 2084 23001 30/03/2016 30/03/2016 Monografías